000 00474nam a2200169Ia 4500
003 SGT
020 _a9788121925372
082 _a621.815
_bKHU
100 _aKhurmi,R.S
245 2 _aA textbook of machine design (S.I. units)
260 _bS.Chand
_aN.Delhi
_c2011
300 _a1230p.
650 _aMECHANICAL ENGINEERING
653 _aENGINEERING MATERIALS AND THEIR PROPERTIES, PIPES AND PIPE JOINTS, RIVETED JOINTS, WELDED
700 _aGupta,J.K
942 _2ddc
_cBK
_02
999 _c5728
_d5728